000 00319nam a22001457a 4500
008 221021b ||||| |||| 00| 0 eng d
020 _ax001c9k0ib
041 _aeng
080 _a72
082 _a72 LYS
100 _a19.1
101 _aART
245 _aNEW ALGORITHMS ARCHITECTURES
_cLYSAGHT P
942 _2udc
_cBK
999 _c58637
_d58637